000 00646nam a2200229Ia 4500
003 OSt
005 20221005121731.0
006 a|||||r|||| 00| 0
007 ta
008 221004b |||||||| |||| 00| 0 eng d
024 _a44442
037 _cTextual
040 _aCRL
_cCRL
_beng
041 _2eng
_aeng
082 _aO29, H9 under size
100 _aFergusson Francis
245 0 _aIdea of a theater
_b A study of ten plays the art of drama in changing perspective
260 _c1949
650 _aENGLISH LITERATURE
942 _hO29, H9 under size
_cTEXL
_2cc
999 _c1042089
_d1042089